[Event "Penang op-B 14th"]
[Site "Penang"]
[Date "2022.12.24"]
[Round "9"]
[White "Kulothunkan, Loganetraa"]
[Black "Chow, Jun Xiang Anthony"]
[Result "1-0"]
[WhiteElo "1305"]
[BlackElo "1253"]
[PlyCount "75"]
[EventDate "2022.12.19"]
[EventType "swiss"]
[EventRounds "9"]
[EventCountry "MAS"]
[SourceTitle "EXT 2024"]
[Source "ChessBase"]
[SourceDate "2023.10.10"]
[SourceVersion "1"]
[SourceVersionDate "2023.10.10"]
[SourceQuality "1"]

1. e4 c5 2. Nf3 d6 3. d4 cxd4 4. Nxd4 Nf6 5. f3 a6 6. c4 e6 7. Nc3 Be7 8. Be3 0-0 9. Be2 b6 10. 0-0 Bb7 11. Rc1 Nbd7 12. Qd2 Qb8 13. a3 Qa7 14. a4 Rad8 15. a5 Qa8 16. axb6 d5 17. cxd5 exd5 18. Nf5 Bb4 19. Qc2 dxe4 20. fxe4 Ne5 21. Bf3 Nxf3+ 22. gxf3 Bc8 23. Ng3 Bh3 24. Rfd1 Bd6 25. Qf2 Qb8 26. Nce2 Be5 27. Nc3 h6 28. Na4 Nd7 29. b4 f5 30. Nxf5 Bxf5 31. exf5 Rxf5 32. Rd2 Qa8 33. Qh4 Rxf3 34. b7 Qb8 35. Qxd8+ Qxd8 36. Rc8 Rf8 37. Rxd8 Rxd8 38. Nc5 1-0

[Event "Penang op-B 14th"]
[Site "Penang"]
[Date "2022.12.21"]
[Round "4"]
[White "Griselda, Valinsya Ifanka"]
[Black "Kulothunkan, Loganetraa"]
[Result "0-1"]
[WhiteElo "1642"]
[BlackElo "1305"]
[PlyCount "124"]
[EventDate "2022.12.19"]
[EventType "swiss"]
[EventRounds "9"]
[EventCountry "MAS"]
[SourceTitle "EXT 2024"]
[Source "ChessBase"]
[SourceDate "2023.10.10"]
[SourceVersion "1"]
[SourceVersionDate "2023.10.10"]
[SourceQuality "1"]

1. d4 Nf6 2. c4 g6 3. g3 Bg7 4. Bg2 c6 5. Nc3 d5 6. cxd5 Nxd5 7. Nxd5 cxd5 8. e3 0-0 9. Nf3 Nc6 10. 0-0 Qb6 11. b3 e6 12. Bb2 Bd7 13. Rc1 Nb4 14. a3 Nc6 15. Qd3 Na5 16. b4 Nc4 17. Qb3 a5 18. Bc3 axb4 19. Bxb4 Rfc8 20. Rb1 Ra6 21. Rfe1 Bc6 22. Bf1 Rca8 23. Bxc4 dxc4 24. Qxc4 Bxf3 25. Be7 Qc6 26. Qxc6 Bxc6 27. Rec1 Bf8 28. Bb4 Bxb4 29. axb4 Be4 30. b5 Ra2 31. Rb4 Ra1 32. Rbc4 Rxc1+ 33. Rxc1 Ra5 34. b6 Rb5 35. Rf1 Rb1 36. Rxb1 Bxb1 37. Kf1 Kf8 38. Ke2 Ke7 39. Kd2 Kd6 40. f3 Kc6 41. Kc1 Bd3 42. Kd2 Ba6 43. Kc3 Kxb6 44. Kb4 Kc6 45. g4 Be2 46. g5 Bxf3 47. Kc4 b5+ 48. Kb4 Kb6 49. h4 Be4 50. Kc3 Ka5 51. Kb3 b4 52. Kc4 Ka4 53. Kc5 b3 54. Kd6 b2 55. Ke7 b1Q 56. Kxf7 Qe1 57. Kg7 Qxh4 58. Kf6 Qf2+ 59. Kxe6 Qxe3 60. d5 Bxd5+ 61. Kxd5 Qxg5+ 62. Ke6 Qf4 0-1